000 00494nam a2200217Ia 4500
003 0100
008 130303s9999 xx 000 0 und d
020 _a829408673
040 _cARRUPELIB
050 _aBX3756.M47657A3 1996
100 _aMcNaspy, C.J
245 _aPlay on
245 _bmemoirs of a Jesuit teacher
260 _aChicago
260 _bLoyola Press
260 _C1996
300 _axvii
300 _b 343p. 26cm.
700 _aPoche, Louis A. (fore.)
942 0 0 _01
999 _c9758
_d9758